000 00561 a2200169 4500
999 _c10271
_d10271
020 _a8176291072
050 _aG155 BAT 2008
100 _aBatra, G.S.
_eeditor
245 _aTourism promotion and development :
_bnew advances /
_cedited by G. S. Batra; R. C. Dangwal
264 _aNew Delhi :
_bDeep & Deep Publications Pvt Ltd,
_cc2008
300 _a180 pages :
_b illustrations ; 21 cm
500 _aIncludes bibliographical references and index
650 _aTourism
651 _aIndia
700 _aDangwal, R.C.
_eeditor
942 _2lcc
_cBK
_h155
_iBAT
_kG